| 000 | | | 04009nmc2a2200000 x 450 |
| 001 | | | 3757f723-7b31-481f-b7a4-f5e92b0a13a2 |
| 005 | | | 20170426015147.0 |
| 100 | ## | $a | 20141013u########k l0rusy0189 ca |
| 101 | 0# | $a | rus |
| 102 | ## | $a | RU |
| 200 | 1# | $a | Мемории Совета народного просвещения в Царстве Польском за 1846 год |
| | $j | 1846 г. |
| 251 | ## | $c | Дело |
| 300 | ## | $a | Дело |
| 300 | ## | $a | Ориг. заголовок дела: Мемории о занятиях Совета народного просвещения в Царстве Польском за 1846 год |
| 801 | #0 | $a | RU |
| | $b | РГИА |
| | $c | 20141013 |
| | $g | RCR |
| 801 | #1 | $a | RU |
| | $b | ГлавНИВЦ |
| | $c | 20141013 |
| | $2 | rusmarc |
| 801 | #2 | $a | RU |
| | $b | ПБ им. Б.Н. Ельцина |
| | $c | 20170426 |
| | $g | RCR |
| | $2 | rusmarc |
| 850 | ## | $a | РГИА |
| 852 | ## | $a | РГИА |
| | $e | Федеральное казенное учреждение "Российский государственный исторический архив" (РГИА) |
| | $j | 198 |
| 937 | ## | $h | РГИА |
| | $d | 11184555 |
| | $a | ASBIBLIO_SCAN |
| 462 | #0 | $1 | 0015a39e5d3-dc69-4a86-ab96-9d2e08e41784 |
| | $1 | 2001 |
| | $a | Дела Департамента народного просвещения по Варшавскому учебному округу |
| | $1 | 251 |
| | $c | Опись |
| | $1 | 852 |
| | $j | 77 |
| 461 | #0 | $1 | 001a74412a3-3cc5-4d21-8f0a-dfe2fbd9e72d |
| | $1 | 2001 |
| | $a | Департамент народного просвещения Министерства народного просвещения (1803-1917) |
| | $1 | 251 |
| | $c | Фонд |
| | $1 | 852 |
| | $j | 733 |
| 215 | ## | $a | 444 л. |
| | $d | 36,5х26 см |
| 371 | ## | $a | Документ не является опубликованным и широко распространяемым |
| 105 | ## | $a | y### |
| 122 | 2# | $a | d |
| 517 | 1# | $a | Мемории о занятиях Совета народного просвещения в Царстве Польском за 1846 год. |
| 035 | ## | $a | 3757f723-7b31-481f-b7a4-f5e92b0a13a2 |
| 856 | ## | $u | http://readingroom.main.prlib.ru/item.aspx?id_node=n97665342&mode=full |